000
00266nam a2200097Ia 4500
001
645956
005
20250826153633.0
008
250824s9999 xx 000 0 und d
245
0
_a
MATEMATİKÇİLER SAYILARIN EFENDİLERİ
_c
DUYGU KAÇARANOĞLU
260
_b
GENÇ TİMAŞ
999
_c
645956
_d
645956